| 000 | 01079 a2200241 4500 | ||
|---|---|---|---|
| 003 | NUST | ||
| 005 | 20221028130146.0 | ||
| 010 | _a 83025358 | ||
| 020 | _a0023063947 | ||
| 040 | _cNust | ||
| 082 | 0 | 0 | _a510,BAR |
| 100 | 1 |
_aBarnett, Raymond A. _9101628 |
|
| 245 | 1 | 0 |
_aFinite mathematics for management, life, and social sciences / _cRaymond A. Barnett, Michael R. Ziegler. |
| 250 | _a4th ed. | ||
| 260 |
_aSan Francisco, Calif. : _bDellen Pub. Co., _cc1987. |
||
| 300 |
_axvi, 408 p.: _c23 cm. |
||
| 505 | _aPreliminaries (Page-1), Systems of Linear Equations; Matrices (Page-41), Linear Inequalities and Linear Programming (Page-107), Mathematics of Finance (Page-211), Probability (Page-241), Additional Topics in Probability (Page-279), Data Description and Probability (Page-279), Data Description and Probability Distributions (Page-323), Games and Decisions (Page-359). | ||
| 650 | 0 |
_aBiomathematics. _9101629 |
|
| 650 | 0 | _aMathematics. | |
| 650 | 0 |
_aSocial sciences _xMathematics. _9101630 |
|
| 700 | 1 |
_aZiegler, Michael R. _9101632 |
|
| 942 |
_2ddc _cBK _k510,BAR |
||
| 999 |
_c179760 _d179760 |
||